Statistiques concernant Arrow les personnages de la saga

Cliquez ici pour prendre le quiz!

Statistiques générales

  • Ce quiz a été pris 637 fois
    (503 depuis la dernière actualisation)
  • Le résultat moyen est 29 sur 104

Statistiques - réponses

hintRéponse% Correct
4Oliver Queen
99%
5Felicity Smoak
90%
9Théa Queen
87%
16Sara Lance
81%
15Laurel Lance
78%
97John Constantine
77%
17John Diggle
77%
19John Diggle Junior
77%
2Moira Queen
68%
86Barry Allen
67%
13Quentin Lance
66%
12Tommy Merlyn
65%
11Malcolm Merlyn
63%
10Roy Harper
63%
1Robert Queen
61%
8Mia Smoak
55%
46Ra's al-Ghul
53%
35Slade Wilson
53%
59Damien Darhk
51%
7William Clayton-Queen
46%
32Ray Palmer
44%
87Cisco Ramon
43%
23Curtis Holt
43%
47Nyssa al-Ghul
43%
26Dinah Drake
41%
14Dinah Lance
41%
34Shado
40%
99Kara danvers
39%
3Walter Steeve
38%
28René Ramirez
37%
18Lyla Michaels
34%
54Adrian Chase
32%
69Amanda Waller
30%
88Caitlin Snow
30%
89Iris West Allen
30%
45Talia al-Ghul
28%
100Alexandra Danvers "Alex"
26%
76Alex Davis
26%
43Anatoly Knyazev
25%
83Isabel Rochev
24%
31Rory Reagan
24%
29Zoé Ramirez
24%
22Andy Diggle
22%
6Donna Smoak
22%
39Maseo yamashiro
21%
20Connor Hawke
20%
36Floyd Lawton
20%
82Sebastian Blood
20%
40Tatsu Yamashiro
20%
41Akio Yamashiro
19%
30Evelyn Sharp
19%
33Yao Fei
19%
80Cindy "Sin"
18%
84Adam Donner
17%
24Paul Holt
17%
57Ricardo Diaz
17%
49Anthony Ivo
16%
67Cayden James
16%
56Frank Chen
16%
72McKenna Hall
16%
90Pr Martin Stein
16%
27Vincent Sobel
16%
70Billy Malone
15%
38Billy Wintergreen
15%
101Clark Kent
14%
62Tobias Church
14%
98Vixen
14%
68Alena
13%
21Carly Diggle
13%
95Carter Hall
13%
55China White
13%
52Edward Fyers
13%
91Jefferson Jackson
13%
94Kendra Saunders
13%
60Ruvé Adams
13%
37Helena Bertinelli
12%
79Kate Spencer
12%
44Konstantin Kovar
12%
51Le baron Reiter
12%
48Taiana
12%
75Ted Grant
12%
66Dante
11%
103Lois Lane
11%
73Lucas Hilton
11%
92Nathaniel Heywood
11%
77Jean Loring
10%
74Joanna de la Vega
10%
105Lex Luthor
10%
61Lonnie Machin
10%
78Alexi Leonov
9%
85Bethany Snow
9%
53Conklin
9%
102J'ohnn J'onzz
8%
93Mike Rory
8%
25Nick Anastas
8%
63Red Dart
8%
71Samandra Watson
8%
58Agent Daily
7%
81Dr Lockhart
7%
50Le boucher
7%
42Matthew Shrieve
7%
64Silence
7%
96Vandale Savage
6%
65Kodak
5%

Distribution des résultats

Percentile par nombre de réponses

% des personnes avec chaque résultat

Votre développement - résultats

Vous n’avez pas pris ce quiz depuis la dernière actualisation